| 000 | 00595nam a22001937a 4500 | ||
|---|---|---|---|
| 003 | OSt | ||
| 005 | 20220506094421.0 | ||
| 008 | 220420b ||||| |||| 00| 0 eng d | ||
| 040 | _cAL | ||
| 041 | _aHindi | ||
| 082 |
_223 _a323.092H _bLIMA |
||
| 100 |
_aMadhu Limey मधु लिमये _934200 |
||
| 245 | _aAatmkatha आत्मकथा | ||
| 260 |
_aNew Delhi _bBhartiy Prakashan Samsthan भारतीय प्रकाशन संस्थान _c1998 |
||
| 300 |
_a506 p. _bHB _c21x13 cm. |
||
| 365 |
_c₹ _d₹300.00 |
||
| 700 |
_aLIMEY (Madhu) _930521 |
||
| 942 |
_2ddc _cGF |
||
| 999 |
_c222502 _d222502 |
||